Tilastot visalle Satunnaisia peräkkäisiä Aasian valtioita kartalla

Klikkaa tästä pelataksesi tätä visaa!

Yleistilastot

  • Tätä visaa on pelattu 932 kertaa
    (246 viimeisimmän päivityksen jälkeen)
  • Keskiarvotulos 36 / 48

Vastaukset kartalla

Vastauksille on annettu kartalla punavihreä väri sen mukaan, kuinka moni on saanut sen oikein.
Ladataan ...
 

Vastaustilastot

Valtio% Oikein
Etelä-Korea
81%
Kiina
80%
Intia
80%
Armenia
79%
Turkki
79%
Japani
79%
Mongolia
78%
Taiwan
78%
Brunei
77%
Laos
77%
Kazakstan
77%
Irak
77%
Iran
77%
Malesia
77%
Bahrain
77%
Georgia
77%
Saudi-Arabia
77%
Bhutan
77%
Singapore
77%
Syyria
76%
Pohjois-Korea
76%
Nepal
76%
Pakistan
76%
Kuwait
76%
Vietnam
76%
Sri Lanka
76%
Thaimaa
76%
Indonesia
76%
Afganistan
76%
Kirgisia
75%
Malediivit
75%
Jordania
75%
Bangladesh
75%
Qatar
75%
Uzbekistan
74%
Turkmenistan
74%
Yhdistyneet arabiemiirikunnat
74%
Libanon
74%
Filippiinit
74%
Oman
74%
Israel
74%
Itä-Timor
74%
Kypros
74%
Kambodža
74%
Myanmar
73%
Jemen
73%
Azerbaidžan
71%
Tadžikistan
70%

Tulosjakauma

Persentiili vastausten määrän mukaan

Jokaisen tuloksen saaneiden osuus

Tuloshistoriasi

Et ole pelannut tätä visaa sen viimeisimmän päivityksen jälkeen